000 00438nam a2200205Ia 4500
001 11943
003 GE_BSU
008 181216s||||||||xx |||||||||||||| ||und||
020 _a9780140281071
040 _cGE_BSU
080 _a821.111-32.1
100 _aFrench,Nicci
245 4 _aThe red room.
260 _aLondon
260 _bPenguin Books.
260 _c2002.
300 _a407p;18cm.
653 _aThe red room.
942 _cBK
999 _c45120
_d45120